00458nam a22001097a 4500003000400000082001800004100001900022245022000041260004600261300000800307650003300315SGT a617.522bC24J aJitender Kumar aComparative Evaluation of Outcome of open reduction and internal fixation of mandibular condyle fracture with and without use of intraoperative imaging using C-Arm bA prospective, randomized, case controlled study  aGurugram, Haryana bSGT University c2024 a127 aOral & Maxillofacial Surgery